Normal view
MARC view
- Singer , Ferdinand L
Entry Personal Name
001 - CONTROL NUMBER
- control field: 134372
003 - CONTROL NUMBER IDENTIFIER
- control field: NUST
005 - DATE AND TIME OF LATEST TRANSACTION
- control field: 20260507142437.0
008 - FIXED-LENGTH DATA ELEMENTS
- fixed length control field: 260507|| aca||aabn | a|a d
040 ## - CATALOGING SOURCE
- Original cataloging agency: NUST
- Transcribing agency: NUST
100 ## - HEADING--PERSONAL NAME
- Personal name: Singer , Ferdinand L
670 ## - SOURCE DATA FOUND
- Source citation: Work cat.: (NUST): Singer , Ferdinand L., Strength of materials /, 1951.
